000 00596nam a2200253Ia 4500
003 OSt
005 20220912151319.0
006 a|||||r|||| 00| 0
007 ta
008 220909b |||||||| |||| 00| 0 eng d
024 _a49932
037 _cTextual
040 _aCSL
_beng
_cCSL
041 _aeng
082 _aI:3, K9;L4-;1
100 _aLevitt J
245 0 _aIntroduction to plant physiology
250 _a2
260 _c1969
300 _aix,447p.
_ccm.
650 _aPlant Physiology
942 _hI:3, K9;L4-;1
_cTEXL
_2CC
999 _c65826
_d65826